Statistics for States/provinces of Andorra

Click here to take the quiz!

General Stats

  • This quiz has been taken 14 times
  • The average score is 5 of 7

Answer Stats

States/Provinces% Correct
Andorra la Vella
100%
Canillo
100%
Encamp
100%
Ordino
67%
Escaldes-Engordany
33%
La Massana
33%
Saint Julia de Loria
33%

Score Distribution

Percentile by Number Answered

Percent of People with Each Score

Your Score History

You have not taken this quiz